Účtovníctvo v bankovníctve a poisťovníctve. 1. časť

Bibliographic Details
Main Author: Majtánová, Anna (Author)
Format: Book
Language:Slovak
PhysicalDescription:161 s. tab. 29 cm
Published: Bratislava Ekonomická univerzita 1993
ISBN:8022504548
Edition:1. vyd.
Subjects:

MARC

LEADER 00000cam a2200000 a 4500
001 vtls001071380
003 SK-MaSNL
005 20260301153050.0
008 240315s1993 xo 000 0 slo
015 |a SNBA1993/05 
020 |a 8022504548 
035 |a SNK000014211 
035 |a urn:nbn:sk:snk-amlhyf 
035 |a urn:nbn:sk:snk-am00bnc7 
035 |a 78ED162F-69A0-4795-B024-E0B3D1522F29 
040 |a SNK  |b slo  |c SNK  |e AACR2 
041 0 |a slo 
044 |a SK 
080 |a 657:336+368(075.8)  |2 1981 
080 |a 336  |2 1981 
080 |a 368  |2 1981 
100 1 |a Majtánová, Anna  |4 aut  |9 277658 
245 1 |a Účtovníctvo v bankovníctve a poisťovníctve. 1. časť  |c Anna Majtánová 
250 |a 1. vyd. 
260 |a Bratislava  |b Ekonomická univerzita  |c 1993  |e Bratislava  |f Edičné stredisko EU 
300 |a 161 s.  |b tab.  |c 29 cm 
366 |e 200 výt. 
500 |a Vysokoškolské skriptá 
650 0 7 |a účtovníctvo  |2 SNKPH  |9 649 
650 0 7 |a bankovníctvo  |2 SNKPH  |9 2101 
650 0 7 |a poisťovníctvo  |2 SNKPH  |9 2517 
655 7 |a učebnice vysokých škôl  |2 SNKPH  |9 70191 
919 |a 80-225-0454-8 
999 |c 791305  |d 793235 
952 |a SNK  |b SNK  |y PREZ  |7 0  |p 17A0805091  |o snkSB 50862/1   |0 0  |1 0  |4 0  |d 2012-08-07  |f 1  |l 0  |r 2026-02-24 01:36:54  |w 2026-02-24 
952 |t P60, <04>, [BOOK], {604}  |a SNK  |b SNK  |y VYP  |7 0  |p 17A0011326  |o snkSB 50862/1 D1  |0 0  |1 0  |4 0  |d 1996-09-23  |l 0  |r 2005-01-01 00:00:00  |w 2026-02-24